000 00485pab a2200169 454500
008 180718b2011 xxu||||| |||| 00| 0 eng d
100 _aLambright, W. Henry
245 _aUnderstanding leadership in public administration: The biographical approach (Book Review essay)
260 _c2011
300 _ap.782-789.
362 _aSep-Oct
650 _aPublic administration
700 _aQuinn, Madison M.
773 _aPublic Administration Review
908 _aN
909 _a93416
999 _c93416
_d93416